Countries where Portuguese is an Official Language - Statistics

General Stats
  • This quiz has been taken 92 times
  • The average score is 6 of 9
Answer Stats
Country % Correct
Portugal
99%
Brazil
98%
Angola
80%
Mozambique
65%
São Tomé and Príncipe
61%
Cape Verde
60%
Guinea-Bissau
60%
East Timor
50%
Equatorial Guinea
49%
No matching quizzes found
Score Distribution
Percent of People with Each Score
Percentile by Number Answered
Your Score History
You have not taken this quiz